[Event "POL-ch U18 Girls"]
[Site "Jastrzebia Gora"]
[Date "2023.??.??"]
[Round "8"]
[White "Gornisiewicz, Natalia"]
[Black "Kaznowska, Kinga"]
[Result "1/2-1/2"]
[WhiteElo "1287"]
[BlackElo "1352"]
[PlyCount "108"]
[EventDate "2023.03.11"]
[EventType "swiss"]
[EventRounds "9"]
[EventCountry "POL"]
[SourceTitle "CBM 213 Extra"]
[Source "ChessBase"]
[SourceDate "2023.05.31"]
[SourceVersion "1"]
[SourceVersionDate "2023.05.31"]
[SourceQuality "1"]

1. d4 d5 2. c4 c6 3. Nf3 Nf6 4. g3 e6 5. Bg2 Bd6 6. 0-0 0-0 7. Qc2 Nbd7 8. Nbd2 e5 9. dxe5 Nxe5 10. cxd5 Nxd5 11. Nxe5 Bxe5 12. Nc4 Qe7 13. a3 Nb6 14. Nxe5 Qxe5 15. Bf4 Qf6 16. Rfd1 Bf5 17. e4 Be6 18. Bd6 Rfd8 19. e5 Bf5 20. Qxc6 bxc6 21. exf6 Nc4 22. Bxc6 Nxb2 23. Bxa8 Nxd1 24. Rxd1 Rxa8 25. Be7 gxf6 26. Bxf6 Be6 27. f4 a6 28. Kg2 Rc8 29. Rd2 h6 30. h3 Bc4 31. g4 Bb3 32. Kg3 a5 33. f5 a4 34. h4 Bc2 35. Rd6 h5 36. Bd4 hxg4 37. Rh6 f6 38. Rg6+ Kh7 39. Rxf6 Rc4 40. Rf7+ Kg8 41. Rg7+ Kf8 42. Rxg4 Kf7 43. Rf4 Bd1 44. f6 Rc8 45. Re4 Re8 46. Rf4 Bc2 47. Rf2 Rg8+ 48. Kh3 Bb3 49. Be3 Be6+ 50. Kh2 Rg4 51. Bg5 Kg6 52. Rc2 Rc4 53. Re2 Bf7 54. Rg2 Kh5 1/2-1/2

[Event "POL-ch U18 Girls"]
[Site "Jastrzebia Gora"]
[Date "2023.??.??"]
[Round "3"]
[White "Labedz, Gabriela"]
[Black "Kaznowska, Kinga"]
[Result "1-0"]
[WhiteElo "1425"]
[BlackElo "1352"]
[PlyCount "47"]
[EventDate "2023.03.11"]
[EventType "swiss"]
[EventRounds "9"]
[EventCountry "POL"]
[SourceTitle "CBM 213 Extra"]
[Source "ChessBase"]
[SourceDate "2023.05.31"]
[SourceVersion "1"]
[SourceVersionDate "2023.05.31"]
[SourceQuality "1"]

1. e4 e5 2. d4 exd4 3. Qxd4 Nc6 4. Qe3 Nge7 5. Nc3 Ng6 6. Bd2 Bb4 7. 0-0-0 0-0 8. f4 d6 9. f5 Nge5 10. Qg3 Kh8 11. Nf3 h6 12. Qh3 Kg8 13. g4 Nxf3 14. Qxf3 Ne5 15. Qg3 f6 16. h4 Bxc3 17. Bxc3 Re8 18. g5 hxg5 19. hxg5 Kf7 20. Rh7 Bxf5 21. exf5 fxg5 22. Bxe5 Rxe5 23. Bc4+ Kf6 24. Be6 1-0

[Event "POL-ch U16 Girls"]
[Site "Sypniewo"]
[Date "2022.03.27"]
[Round "9"]
[White "Boguszewska, Julia"]
[Black "Kaznowska, Kinga"]
[Result "0-1"]
[WhiteElo "1034"]
[BlackElo "1239"]
[PlyCount "62"]
[EventDate "2022.03.19"]
[EventType "swiss"]
[EventRounds "9"]
[EventCountry "POL"]
[SourceTitle "CBM 207 Extra"]
[Source "ChessBase"]
[SourceDate "2022.05.31"]
[SourceVersion "1"]
[SourceVersionDate "2022.05.31"]
[SourceQuality "1"]

1. d4 d5 2. c4 c6 3. Nc3 Nf6 4. cxd5 Nxd5 5. e4 Nb6 6. Nf3 e6 7. Bf4 Bd6 8. Bxd6 Qxd6 9. Bd3 N8d7 10. Qc2 e5 11. dxe5 Nxe5 12. Nxe5 Qxe5 13. 0-0-0 Bd7 14. Kb1 0-0-0 15. h3 Kb8 16. Rhf1 g6 17. f4 Qg7 18. Rde1 Rhg8 19. e5 Bc8 20. Rf2 Nd5 21. Nxd5 Rxd5 22. Bc4 Bf5 23. Re4 Bxe4 24. Qxe4 Rd1+ 25. Kc2 Rgd8 26. Bb3 Qf8 27. Qc4 R1d4 28. Qc3 Rd1 29. e6 fxe6 30. Bxe6 Qd6 31. Bc4 Rc1+ 0-1